Pete's dragon /
The endearing story between Pete and his invisible dragon friend Elliott as they develop a special bond and share a magical friendship, with memorable characters and heartwarming songs including the 1977 Academy Award best original song nominee, 'Candle On The Water.'
| Corporate Authors: | , |
|---|---|
| Other Authors: | , , , , , , , , , |
| Format: | Video Blu-ray Disc DVD |
| Language: | English French |
| Language Notes: | English or French dialogue; Spanish or French subtitles; English subtitles for the deaf and hard of hearing (SDH). |
| Published: |
[United States] :
Disney,
2012.
|
| Edition: | 35th anniversary ed. |
| Subjects: |
MARC
| Tag | First Indicator | Second Indicator | Subfields |
|---|---|---|---|
| LEADER | 00000cgm a2200000Ia 4500 | ||
| 001 | in00002787900 | ||
| 005 | 20231106170845.0 | ||
| 007 | vd csaizq | ||
| 007 | vd cvaiz| | ||
| 008 | 120917p20121977xxu176 vleng d | ||
| 024 | 1 | |a 786936825305 | |
| 028 | 4 | 2 | |a 109752 |b Disney |
| 035 | |a (OCoLC)ocn810216792 | ||
| 035 | |a (OCoLC)810216792 | ||
| 040 | |a TEFMT |c TEFMT |d TEF |d INO |d JP3 |d TXA |d UtOrBLW | ||
| 041 | 1 | |a eng |a fre |j eng |j fre |j spa |h eng | |
| 049 | |a TXAM | ||
| 082 | 0 | 4 | |a 791.43/72 |2 23 |
| 090 | |a PN1997.5 |b P47 2012 | ||
| 245 | 0 | 0 | |a Pete's dragon / |c Walt Disney Pictures presents ; produced by Ron Miller and Jerome Courtland ; screenplay by Malcolm Marmorstein ; directed by Don Chaffey. |
| 250 | |a 35th anniversary ed. | ||
| 264 | 1 | |a [United States] : |b Disney, |c 2012. | |
| 300 | |a 2 videodiscs (176 min) : |b sound, color ; |c 4 3/4 in. | ||
| 336 | |a two-dimensional moving image |b tdi |2 rdacontent | ||
| 337 | |a video |b v |2 rdamedia | ||
| 338 | |a videodisc |b vd |2 rdacarrier | ||
| 538 | |a Blu-ray; all regions; 1080p high definition; widescreen (1.66:1 aspect ratio); 5.1 DTS-HD master audio (English); 5.1 Dolby digital (French); requires Blu-ray player. | ||
| 538 | |a DVD; NTSC, region 1; widescreen (1.66:1), enhanced for 16x9 televisions; 5.1 Dolby digital. | ||
| 546 | |a English or French dialogue; Spanish or French subtitles; English subtitles for the deaf and hard of hearing (SDH). | ||
| 500 | |a Title from container. | ||
| 511 | 1 | |a Mickey Rooney, Red Buttons, Helen Reddy, Jim Dale, Sean Marshall, Shelley Winters. | |
| 500 | |a Release date: Oct. 16, 2012. | ||
| 500 | |a Originally released as a motion picture in 1977. | ||
| 500 | |a Based on a story by Seton I. Miller and S.S. Field. | ||
| 521 | 8 | |a MPAA rating: G |a OFRB rating: G. | |
| 520 | |a The endearing story between Pete and his invisible dragon friend Elliott as they develop a special bond and share a magical friendship, with memorable characters and heartwarming songs including the 1977 Academy Award best original song nominee, 'Candle On The Water.' | ||
| 500 | |a Bonus features on Blu-ray: Brazzle, dazzle effects: behind Disney's movie magic ; deleted storyboard sequence: Terminus & Hoagy hunt Elliott ; original song concepts: Boo bop bopbop bop (I love you, too). | ||
| 500 | |a Bonus feature on DVD: original song concepts: Boo bop bopbop bop (I love you, too). | ||
| 500 | |a Videorecording. | ||
| 650 | 0 | |a Dragons |v Juvenile films. | |
| 650 | 0 | |a Orphans |v Juvenile films. | |
| 655 | 7 | |a Animated films. |2 lcgft | |
| 655 | 7 | |a Children's films. |2 lcgft | |
| 655 | 7 | |a Fantasy films. |2 lcgft | |
| 655 | 7 | |a Musical films. |2 lcgft | |
| 655 | 7 | |a Film adaptations. |2 lcgft | |
| 655 | 7 | |a Feature films. |2 lcgft | |
| 655 | 7 | |a Fiction films. |2 lcgft | |
| 655 | 7 | |a Video recordings for the hearing impaired. |2 lcgft | |
| 700 | 1 | |a Miller, Ron, |d 1933-2019. | |
| 700 | 1 | |a Courtland, Jerome, |d 1926-2012. | |
| 700 | 1 | |a Chaffey, Don, |d 1917-1990. | |
| 700 | 1 | |a Marmorstein, Malcolm. | |
| 700 | 1 | |a Marshall, Sean. | |
| 700 | 1 | |a Reddy, Helen. | |
| 700 | 1 | |a Dale, Jim. | |
| 700 | 1 | |a Rooney, Mickey. | |
| 700 | 1 | |a Winters, Shelley. | |
| 700 | 1 | |a Buttons, Red, |d 1919-2006. | |
| 710 | 2 | |a Walt Disney Pictures. | |
| 710 | 2 | |a Walt Disney Productions. | |
| 994 | |a C0 |b TXA | ||
| 948 | |a cataloged |b h |c 2013/1/3 |d c |e blrosas |f 2:09:42 pm | ||
| 999 | |a MARS | ||
| 999 | f | f | |s 68fd3ec2-d636-328b-b3df-fd63abc25855 |i 4766faff-eb7f-36f2-b5d4-b7ad5799cc5b |t 0 |
| 952 | f | f | |p bluray |a Texas A&M University |b College Station |c Sterling C. Evans Library |d Evans: Media and Reserves (Annex 1st floor) |t 0 |e PN1997.5 P47 2012 |h Library of Congress classification |i video -- videodisc |k Blu-ray |m A14841629624 |
| 952 | f | f | |p ric |a Texas A&M University |b Rellis Campus |c Joint Library Facility |d Remote Storage |t 0 |e PN1997.5 P47 2012 |h Library of Congress classification |i video -- videodisc |k DVD |m A14852051474 |
| 952 | f | f | |p dvd |a Texas A&M University |b College Station |c Sterling C. Evans Library |d Evans: Media and Reserves (Annex 1st floor) |t 0 |e PN1997.5 P47 2012 |h Library of Congress classification |i video -- videodisc |k DVD |m A14852051482 |
| 952 | f | f | |p bluray |a Texas A&M University |b College Station |c Sterling C. Evans Library |d Evans: Media and Reserves (Annex 1st floor) |t 0 |e PN1997.5 P47 2012 |h Library of Congress classification |i video -- videodisc |k Blu-ray |m A14841629585 |
| 998 | f | f | |a PN1997.5 P47 2012 |s DVD |t 0 |l Evans: Media and Reserves (Annex 1st floor) |
| 998 | f | f | |a PN1997.5 P47 2012 |s DVD |t 0 |l Remote Storage |
| 998 | f | f | |a PN1997.5 P47 2012 |s Blu-ray |t 0 |l Evans: Media and Reserves (Annex 1st floor) |